Mission arachnide

Bibliographic Details
Main Author: Richez, Hervé (Author)
Other Authors: Miller, Eric (Illustrator)
Format: Book
Language:French
PhysicalDescription:46 s. fareb. ilustr. 30 cm
Published: [Dunkerque] Coeur de Loup 1998
ISBN:2911683005
Series:Buzzi
Subjects:

MARC

LEADER 00000nam a2200000 a 4500
001 vtls001425342
003 SK-MaSNL
005 20260301202601.0
008 251113s1999 FR a ra fre
020 |a 2911683005 
035 |a SNK000380236 
035 |a urn:nbn:sk:snk-amti6y 
035 |a urn:nbn:sk:snk-am00c59z 
035 |a 19F8F744-DD26-4692-ACE5-F775791FCEFB 
040 |a SNK  |b slo  |c SNK  |e AACR2 
041 0 |a fre 
044 |a FR 
080 |a 087.5  |2 1981 
245 0 |a Mission arachnide  |c dessins: Miller ; textes: Richez 
260 |a [Dunkerque]  |b Coeur de Loup  |c 1998  |g 1999  |e [Martin  |f Neografia] 
300 |a 46 s.  |b fareb. ilustr.  |c 30 cm 
490 1 |a Buzzi  |v nr. 1 
500 |a 2. dotl. 
650 0 7 |a komiks  |2 SNKPH  |9 71684 
700 1 |a Miller, Eric  |4 ill  |9 584835 
700 1 |a Richez, Hervé  |4 aut  |9 584836 
830 0 |a Buzzi  |9 584837 
919 |a 2-911683-00-5 
999 |c 899349  |d 901279 
952 |t P60, <03>, [BOOK], {603}  |a SNK  |b SNK  |y PREZ  |7 0  |p 17A0324563  |o snkSB 64215  |i snkKSP 13480/2001  |0 0  |1 0  |4 0  |d 2001-11-29  |f 1  |l 0  |r 2025-04-17 00:00:00  |w 2026-02-24